000 00778nam a22002417a 4500
005 20170124105957.0
010 _aA-254149
020 _c00.00
_a0850861128
035 _aA-254149
037 _bCen Lib/Ret
040 _aDPL
_bEN
082 _a309.26
_bBRE
100 _aBreheny,M.
_914830
245 _aRationality in planning :
_cby M.Breheny [and] A.Hooper
_bcritical essays on the role of rationality in Urban & regional planning /
260 _aLondon
_bPion limited
_c1985
270 _a207,Brondesbury Park
_bLondon
300 _a247p.
_c22cm(Hb)
500 _aIncludes bibliographical reference and index
650 _zRationalism
_98647
650 _aRegional planning
_97705
700 _aHooper,A.
_914831
942 _2ddc
_cEN
_h309.26
_mBRE
999 _c125579
_d125579